1511 1752 1326 1199 1700 1605 1753 1558 1540 1171 1785 1555 1759 1135 1919 1136 1288 1336 1942 1924 1932 1959 1169 1622 1575 1535 1867 1881 1390 1273 1899 1739 1297 1801 1611 1880 1252 1226 1355 1131 1643 1289 1757 1135 1184 1455 1819 1269 1268 1354 1794 1421 1071 1467 1496 1355 1264 1648 1814 1167 1193 1081 1816 1126 1420 1962 1714 1259 1030 1211 1324 1666 1211 1610 1097 1023 1399 1302 1456 1298 1909 1090 1643 1408 1076 1200 1186 1990 1179 1423 1377 1567 1552 1992 1297 1884 1550 1829 1324 BCNSPRNW ULIB Ver.6.0+V

เปลี่ยนเป็นภาษาไทย

Change to English
 แสดงรายละเอียดบรรณานุกรม
  กลับหน้าหลัก

Brief Record : Get Marc (ISO 2709) : E-mail record : QR code < ปิดหน้าต่าง
LEADER : 00000nam 2200000uu 4500
001    13399112381
003     ULIB
008    110627s2552||||th 000 0 tha d
020    9789740461845
090    นว.^bM111ห 2552
100 0  May 112
245 00 หนุ่มกวนสาวแกร่งรักแรงคูณสอง/^cMay 112
250    พิมพ์ครั้งที่ 1
260    กรุงเทพฯ :^bแจ่มใส,^c2552
300    225 หน้า
710 1  แจ่มใส
945    ^p169^l0^i026756
995    ทศพร
999 ^a ใช้งานได้ทุกระบบ
รายการนี้ยังไม่มีแท็ก
คุณยังไม่ได้ล็อกอิน คุณสามารถมีกิจกรรมร่วมกับเว็บไซต์ได้ แต่ต้องล็อกอินก่อน ::
  ล็อกอิน

รายการสื่อสารสนเทศ

ลำดับที่ ประเภท เลขเรียก/บาร์โค้ด สถานที่ สถานะ
- ไม่พบข้อมูล -

BibComment


ยังไม่เคยถูกคอมเมนท์

คอมเมนท์ทรัพยากรรายการนี้
  คอมเมนท์: หนุ่มกวนสาวแกร่งร..


 Copyright 2026. Bcnsprnw @Library